| 000 | 01223nam a22002777i 4500 | ||
|---|---|---|---|
| 999 |
_c22740 _d22740 |
||
| 003 | AR-CdUCM | ||
| 008 | 231025b20212021pe ad||| |||| 001 0 spa d | ||
| 020 | _a978-612-00-6982-0 | ||
| 040 |
_aMUNICIPALIDAD PROVINCIAL DEL CUSCO _cBIBLIOTECA MUNICIPAL DEL CUSCO |
||
| 041 | _hspa | ||
| 082 |
_a657 / P46 _bP46 |
||
| 100 |
_aPérez Suárez, Jancarlo _949011 |
||
| 245 |
_aContabilidad General Básica Teoría y Práctica : _bLa contabilidad-la empresa-la cuenta y los asientos contables-libros y registros contables-los estados financieros / |
||
| 260 |
_aCusco : _c2021. |
||
| 300 |
_a225 páginas. : _c24 cm. |
||
| 500 | _zBibliografía: página 223-225 | ||
| 505 | _aLa ciencia -- Concepto, Antecedentes, Importancia de la contabilidad -- Clasificación de la contabilidad -- Teneduría de libros -- Estados financieros -- El ingreso y la renta -- Funciones de la empresa -- Registro de ventas -- Libro de caja y bancos. | ||
| 650 |
_aLa contabilidad _938788 |
||
| 650 |
_aProceso contable _949037 |
||
| 650 |
_aEmpresa privada _949038 |
||
| 650 |
_aCalculo - rentas _949039 |
||
| 650 |
_aTributos empresariales _949040 |
||
| 650 |
_aEmpresa pública _949041 |
||
| 942 |
_2ddc _cLIBROS |
||
| 945 |
_apebm _d2023-10-25 |
||